| 000 | 01118nam a2200265 i 4500 | ||
|---|---|---|---|
| 001 | 188813 | ||
| 003 | SpMaBN | ||
| 005 | 20251114124922.0 | ||
| 008 | 190215s2001 sp h |||| |bspa d | ||
| 020 | _a84-89748-84-5 | ||
| 080 | _a929:33 Caamaño y Pardo, Juan José | ||
| 100 | 1 |
_aMeijide Pardo, Antonio _979835 |
|
| 245 | 1 | 0 |
_aJuan José Caamaño y Pardo (1761-1819), conde de Maceda _b: ilustrado y economista ferrolano / _cpor Antonio Meijide Pardo. |
| 260 |
_aA Coruña : _bFundación Pedro Barrié de la Maza, _c2001. |
||
| 300 |
_a119 p. ; _c23 cm. |
||
| 490 | 1 | _aIlustrados, sociólogos y economistas gallegos | |
| 500 | _aÍndice. | ||
| 600 | 1 | 7 |
_aCaamaño y Pardo, Juan José, _d1761-1819 _2 _9166335 |
| 710 | 2 |
_aFundación Pedro Barrié de la Maza, Conde de Fenosa _9176439 |
|
| 830 | 0 | 0 |
_aIlustrados, sociólogos y economistas gallegos _9193139 |
| 852 |
_aES-MaACL _jA-14347 _9195947 _bR.151648 _cDEPO1 _dOlim: N-7347 _hDonación: Fundación Barrié |
||
| 914 |
_aFundación Pedro Barrié de la Maza, Conde de Fenosa _ednr _9176439 |
||
| 942 |
_2udc _cMONOGRAFIA |
||
| 999 |
_c188813 _d188813 |
||